Atomic artillery and the atomic bomb (Record no. 546148)
[ view plain ]
| 000 -LEADER | |
|---|---|
| fixed length control field | 00636cam a2200169 4500 |
| 082 ## - DEWEY DECIMAL CLASSIFICATION NUMBER | |
| Classification number | 623.45119 |
| Author Mark | ROB |
| -- | L-7, P-6 |
| 100 1# - MAIN ENTRY--PERSONAL NAME | |
| Personal name | Robertson, John Kellock, |
| 9 (RLIN) | 42225 |
| 245 10 - TITLE STATEMENT | |
| Title | Atomic artillery and the atomic bomb |
| Statement of responsibility, etc. | [by] John Kellock Robertson, F.R.S.C. |
| 260 ## - PUBLICATION, DISTRIBUTION, ETC. | |
| Place of publication, distribution, etc. | New York, |
| Name of publisher, distributor, etc. | D. Van Nostrand Company, inc. |
| Date of publication, distribution, etc. | [1945] |
| 300 ## - PHYSICAL DESCRIPTION | |
| Extent | xii p., 1 l., 173 p. |
| Other physical details | illus., VIII (i.e. 9) pl., diagrs. |
| Dimensions | 20 cm. |
| 500 ## - GENERAL NOTE | |
| General note | "A revision of the author's Atomic artillery published in l937."--Pref. |
| 526 ## - STUDY PROGRAM INFORMATION NOTE | |
| Program name | 0 |
| Interest level | 0 |
| Reading level | 0 |
| Title point value | 623_451190000000000_ROB |
| 650 #0 - SUBJECT ADDED ENTRY--TOPICAL TERM | |
| Topical term or geographic name entry element | Atomic bomb. |
| 9 (RLIN) | 37015 |
| 650 #0 - SUBJECT ADDED ENTRY--TOPICAL TERM | |
| Topical term or geographic name entry element | Atoms. |
| 9 (RLIN) | 10462 |
| 650 #0 - SUBJECT ADDED ENTRY--TOPICAL TERM | |
| Topical term or geographic name entry element | MCE |
| 9 (RLIN) | 379 |
| 942 ## - ADDED ENTRY ELEMENTS (KOHA) | |
| Source of classification or shelving scheme | |
| Koha item type | Book |
| Withdrawn status | Lost status | Source of classification or shelving scheme | Damaged status | Not for loan | Permanent Location | Current Location | Date acquired | Total Checkouts | Full call number | Barcode | Date last seen | Price effective from | Koha item type |
|---|---|---|---|---|---|---|---|---|---|---|---|---|---|
| Military College of Engineering (MCE) | Military College of Engineering (MCE) | 06/03/2014 | 623.45119 ROB | MCE-40952 | 06/03/2014 | 06/03/2014 | Book |
